000 00598nam a2200181Ia 4500
003 GCL
008 140319s9999 xx 000 0 ara d
040 _aGCL /
_cGCL
082 0 4 _a642.1
_bا ت
100 1 _aايزيس عازر نوار
245 1 0 _aتخطيط وتقييم الوجبات الغذائية /
_cايزيس عازر نوار
260 _aالقاهرة :
_bمكتبة بستان المعرفة
300 _a50 ص ؛
_c24 سم
650 0 4 _aالاغذية - مكونات
650 0 4 _aالاغذية - رقابة
650 0 4 _aالوجبات الغذائية
942 _2ddc
_cBK
999 _c6311
_d6311